Score 0/16 Timer 04:00
0 Plays Today
Question Answer Wrong Answers
Hydrogen Segment A
78.2%
Segment B
9.1%
Segment C
1.2%
Segment D
0.6%
Oxygen Segment B
74.8%
Segment A
12.2%
Segment C
1.4%
Segment D
0.6%
Xenon Segment B
69.7%
Segment A
6.7%
Segment C
3.6%
Segment D
9.5%
Sodium Segment A
64.7%
Segment B
16.7%
Segment C
4.6%
Segment D
2.4%
Lanthanum Segment C
63.1%
Segment A
9.1%
Segment B
5.7%
Segment D
11.1%
Oganesson Segment D
61.8%
Segment A
5.4%
Segment B
5.8%
Segment C
15.6%
Einsteinium Segment D
58.6%
Segment A
4.4%
Segment B
4%
Segment C
21%
Uranium Segment C
54%
Segment A
6.2%
Segment B
5.8%
Segment D
23.1%
Copper Segment B
51.7%
Segment A
25.3%
Segment C
5.9%
Segment D
5.4%
Iron Segment A
48.8%
Segment B
29.1%
Segment C
6.2%
Segment D
4.9%
Cobalt Segment A
48.6%
Segment B
26.2%
Segment C
10%
Segment D
4.8%
Tin Segment B
48.5%
Segment A
15.4%
Segment C
9.5%
Segment D
15.6%
Osmium Segment C
48%
Segment A
8.7%
Segment B
9.9%
Segment D
22.2%
Gold Segment D
39.5%
Segment A
10.6%
Segment B
25.6%
Segment C
13.3%
Lead Segment D
36.6%
Segment A
14.3%
Segment B
27.8%
Segment C
10.1%
Barium Segment C
30.5%
Segment A
36.3%
Segment B
18.3%
Segment D
4%
Remove Ads.
Support Sporcle.
Get the best of Sporcle when you Go Orange. This ad-free experience offers more features, more stats, and more fun while also helping to support Sporcle. Thank you for becoming a member.

You're not logged in!

Compare scores with friends on all Sporcle quizzes.
OR
Log In

Sporcle TV

Today on Sporcle TV


Watch our educational content, quiz creation guides, and fun videos on Sporcle TV.

Show Comments

Extras

Top Quizzes Today


Score Distribution

Paid Content

Your Account Isn't Verified!

In order to create a playlist on Sporcle, you need to verify the email address you used during registration. Go to your Sporcle Settings to finish the process.

Report this User

Report this user for behavior that violates our Community Guidelines.

Details: